Wartime control of prices /

Bibliographic Details
Main Author: Hardy, Charles O. (Charles Oscar), 1884-1948
Format: Book
Language:English
Published: Washington, D.C. : Brookings Institution, 1940.
Series:Publication (Brookings Institution. Institute of Economics) ; no.84.
Subjects:

MARC

Tag First Indicator Second Indicator Subfields
LEADER 00000cam a2200000 4500
001 in00000069148
005 20151008051404.0
008 720414s1940 dcu 00000 eng u
010 |a  40032594  
035 |a (OCoLC)00284569 
035 |9 AAG7578AM 
040 |c CSU  |d TXA  |d UtOrBLW 
049 |a TXAM  |c 1 [91984]  |c 2 [96767] 
050 0 |a HB236.U5  |b H35 
092 |a 338.5  |b H268wa 
100 1 |a Hardy, Charles O.  |q (Charles Oscar),  |d 1884-1948. 
245 1 0 |a Wartime control of prices /  |c by Charles O. Hardy. 
264 1 |a Washington, D.C. :  |b Brookings Institution,  |c 1940. 
300 |a x,216p :  |b tables,diagrams ;  |c 21cm. 
336 |a text  |b txt  |2 rdacontent 
337 |a unmediated  |b n  |2 rdamedia 
338 |a volume  |b nc  |2 rdacarrier 
490 1 |a The Institute of economics of the Brookings Institution. Publication no.84 
500 |a "This investigation was undertaken at the request of the United States War department." -- Pref. 
650 0 |a Prices. 
650 0 |a Prices  |z United States. 
650 0 |a Industrial policy. 
650 0 |a War  |x Economic aspects. 
650 0 |a World War, 1914-1918  |x Economic aspects  |z United States. 
830 0 |a Publication (Brookings Institution. Institute of Economics) ;  |v no.84. 
999 |a MARS 
999 f f |s 36257297-d938-398a-a8ae-97adfea1e6bd  |i 7d681d27-4470-3ea8-9b06-3b21cf04f691  |t 0 
952 f f |p ric  |a Texas A&M University  |b Rellis Campus  |c Joint Library Facility  |d Remote Storage  |t 0  |e HB236.U5 H35  |h Library of Congress classification  |i unmediated -- volume  |m A14800767324 
998 f f |a HB236.U5 H35  |t 0  |l Remote Storage